Johto Pokemon by Type Quiz Stats

 Plays Quiz not verified by Sporcle

Challenge
Share
Tweet
Embed
Score 0/100 Timer 05:00
0 Plays Today
Type Pokemon % Correct
FireCyndaquil
85.1%
GrassChikorita
83.2%
WaterTotodile
82.6%
FireQuilava
82.5%
GrassBayleef
80.9%
GrassMeganium
79.8%
FireTyphlosion
79%
WaterCroconaw
75.4%
WaterFeraligatr
74.4%
Psychic/FlyingLugia
74.2%
Fire/FlyingHo-oh
74%
Normal/FlyingHoothoot
73.7%
Normal/FlyingNoctowl
73.2%
Steel/GroundSteelix
70.1%
NormalSentret
69.8%
FireEntei
68.1%
NormalFurret
68%
ElectricRaikou
64.6%
WaterSuicune
64.2%
Dark/FireHoundoom
62.9%
Dark/FireHoundour
61.6%
Bug/SteelScizor
61.2%
DarkUmbreon
59.3%
ElectricElekid
58.2%
Steel/FlyingSkarmory
57.9%
FireMagby
57.8%
PsychicEspeon
56.4%
Psychic/GrassCelebi
56.4%
ElectricPichu
56.3%
Dark/IceSneasel
56.2%
FightingHitmontop
55.4%
Poison/FlyingCrobat
55.2%
Bug/PoisonAriados
55.1%
Bug/PoisonSpinarak
54.6%
Type Pokemon % Correct
ElectricMareep
53.5%
Bug/FightingHeracross
53.1%
Dark/FlyingMurkrow
53%
Water/ElectricLanturn
52.6%
Psychic/FlyingNatu
52.2%
Ice/PsychicSmoochum
52.2%
Water/DragonKingdra
52%
Ice/GroundSwinub
52%
ElectricAmpharos
52%
NormalCleffa
51.6%
NormalIgglybuff
51.6%
Psychic/FlyingXatu
51.6%
Ice/GroundPiloswine
51.5%
Bug/FlyingLedyba
51.2%
Rock/DarkTyranitar
51%
Grass/FlyingHoppip
50.7%
Rock/GroundLarvitar
50.6%
Bug/FlyingLedian
50.3%
FightingTyrogue
50.1%
Rock/GroundPupitar
49.9%
Water/ElectricChinchou
49.9%
NormalTogepi
48.7%
Grass/FlyingJumpluff
48.6%
GhostMisdreavus
48.6%
NormalMiltank
48.2%
Grass/FlyingSkiploom
47.6%
Normal/PsychicGirafarig
47.4%
Water/GroundWooper
47%
ElectricFlaaffy
46.9%
BugPineco
46.8%
Water/GroundQuagsire
46.3%
Normal/FlyingTogetic
46%
FireSlugma
45.1%
Ground/FlyingGligar
43.6%
Type Pokemon % Correct
Ice/FlyingDelibird
42.7%
Bug/SteelForretress
42.6%
Water/FlyingMantine
41.8%
Fire/RockMagcargo
41.2%
Water/PsychicSlowking
38.6%
Water/PoisonQwilfish
38.2%
GroundDonphan
37.3%
Water/RockCorsola
37.3%
GroundPhanpy
37.1%
Bug/RockShuckle
36%
PsychicUnown
34%
NormalUrsaring
33.7%
NormalTeddiursa
33.5%
NormalBlissey
33.4%
RockSudowoodo
33.4%
WaterMarill
32.8%
WaterPolitoed
32.8%
NormalStantler
32.6%
GrassBellossom
32.2%
GrassSunflora
32.1%
NormalDunsparce
31.5%
WaterAzumarill
31.5%
WaterRemoraid
31.2%
NormalGranbull
31%
GrassSunkern
31%
Bug/FlyingYanma
30.6%
WaterOctillery
29.9%
NormalSnubbull
29.6%
NormalAipom
29.1%
NormalSmeargle
27.8%
PsychicWobbuffet
23.2%
NormalPorygon2
23.1%

You're not logged in!

Compare scores with friends on all Sporcle quizzes.
Join for Free
OR
Log In

You Might Also Like...

Show Comments

Extras

Created Aug 28, 2011ReportNominate
Tags:Pokémon Quiz, Gen 2, johto

Top Quizzes Today


Score Distribution

Your Account Isn't Verified!

In order to create a playlist on Sporcle, you need to verify the email address you used during registration. Go to your Sporcle Settings to finish the process.

Report this User

Report this user for behavior that violates our Community Guidelines.

Details: